Statistics for Countries Containing "E" In Their Name

Click here to take the quiz!

General Stats

  • This quiz has been taken 48 times
  • The average score is 47 of 64

Answer Stats

Country% Correct
Belgium
89%
New Zealand
89%
Denmark
87%
Germany
87%
North Korea
87%
South Korea
87%
Sweden
87%
United Kingdom
87%
United States
87%
Iceland
84%
Ireland
84%
Argentina
82%
Belarus
82%
United Arab Emirates
82%
Armenia
80%
Democratic Republic of the Congo
80%
Indonesia
80%
Israel
80%
Netherlands
80%
Niger
80%
Nigeria
80%
Turkey
80%
Azerbaijan
78%
Fed. States of Micronesia
78%
Yemen
78%
Algeria
76%
Dominican Republic
76%
Mexico
76%
Papua New Guinea
76%
Central African Republic
73%
Kenya
73%
North Macedonia
73%
Peru
73%
Turkmenistan
73%
Vietnam
73%
Czech Republic
71%
Guinea
71%
Montenegro
71%
Philippines
71%
Slovenia
71%
Switzerland
71%
Venezuela
71%
Saint Vincent and the Grenadines
69%
Serbia
69%
Guinea-Bissau
67%
Liechtenstein
67%
Senegal
67%
Uzbekistan
67%
Bangladesh
64%
Benin
64%
Cameroon
64%
Guatemala
64%
Lesotho
64%
Rep. of the Congo
64%
Georgia
62%
Grenada
62%
Lebanon
62%
Nepal
62%
Saint Kitts and Nevis
62%
Seychelles
62%
Liberia
60%
Bosnia and Herzegovina
58%
Brunei
53%
Maldives
53%

Score Distribution

Percentile by Number Answered

Percent of People with Each Score

Your Score History

You have not taken this quiz